1048 1827 1896 1994 1331 1797 1559 1708 1819 1630 1552 1806 1650 1172 1639 1524 1318 1436 1815 1607 1537 1587 1169 1907 1035 1411 1331 1972 1794 1749 1411 1118 1624 1944 1986 1585 1954 1619 1467 1112 1062 1089 1740 1375 1205 1966 1397 1345 1639 1459 1839 1146 1215 1916 1291 1184 1551 1747 1334 1825 1246 1155 1874 1664 1789 1136 1167 1419 1048 1064 1364 1693 1523 1206 1562 1397 1821 1451 1052 1207 1238 1468 1627 1788 1223 1014 1102 1502 1146 1483 1740 1516 1432 1255 1081 1325 1806 1726 1682 BCNSPRNW ULIB Ver.6.0+V

เปลี่ยนเป็นภาษาไทย

Change to English
 แสดงรายละเอียดบรรณานุกรม
  กลับหน้าหลัก

Brief Record : Get Marc (ISO 2709) : E-mail record : QR code < ปิดหน้าต่าง
LEADER : 00000nam 2200000uu 4500
001    13399124911
003     ULIB
008    160429s2558||||th 000 0 tha d
020    ^a9786163746351
060 04 ^aWS270^bร812 ล.1
245 00 ^aโรคข้อสะโพกและขาในเด็ก.^nเล่ม 1/^cไพรัช ประสงค์จีน ...และคณะ
250    ^aพิมพ์ครั้งที่ 1
260    ^aกรุงเทพฯ :^bภาควิชาออร์โธปิดิกส์ คณะแพทยศาสตร์ จุฬาลงกรณ์มหาวิทยาลัย,^c2558
300    ^a1008 หน้า, 2 เล่ม :^bภาพประกอบ ;^c26 ซม.
500    ^aกุมารเวชศาสตร์
505 0  ^a6.Legg-Calve-Perthes Disease--7.Slipped Capital Femoral Epiphysis--8.Osteomyelitis--9.Septic Arthritis--10.Spinal Infection
650  2 ^aJoint Diseases^xin infancy & childhood
650  4 ^aข้อ, โรค
650  4 ^aข้อ, โรค^xในวัยทารก & วัยเด็ก
650  4 ^aขา
650  4 ^aสะโพก
700 0  ^aไพรัช ประสงค์จีน
710 2  ^aจุฬาลงกรณ์มหาวิทยาลัย.^bคณะแพทยศาสตร์.^bภาควิชาออร์โธปิดิกส์
945    ^p850^l0^i23546
999    ^aทศพร เกษรทอง
รายการนี้ยังไม่มีแท็ก
คุณยังไม่ได้ล็อกอิน คุณสามารถมีกิจกรรมร่วมกับเว็บไซต์ได้ แต่ต้องล็อกอินก่อน ::
  ล็อกอิน

รายการสื่อสารสนเทศ

ลำดับที่ ประเภท เลขเรียก/บาร์โค้ด สถานที่ สถานะ
1. วิทยาศาสตร์การแพทย์ และสุขภาพ
วิทยาศาสตร์การแพทย์ และสุขภาพ
สถานะ=หนังสือเก่า
WS270 ร812 ล.1 ฉ.1 
  Barcode: 23546
ห้องสมุดวิทยาเขตนครสวรรค์
►ส่วนจัดเก็บหนังสือเก่า นว.
บนชั้น
  ขอยืม

รายการใกล้เคียง
    หัวเรื่อง [ข้อ, โรค]
    หัวเรื่อง [ขา]
    หัวเรื่อง [สะโพก]

BibComment


ยังไม่เคยถูกคอมเมนท์

คอมเมนท์ทรัพยากรรายการนี้
  คอมเมนท์: โรคข้อสะโพกและขา..


 Copyright 2026. Bcnsprnw @Library